00642nam a2200205Ia 4500003000400000008004100004020002300045040000800068100001700076245005700093260002700150300001500177365001200192901002100204902003500225903005800260942001200318952008900330999001700419LDD181029s9999 xx 000 0 und d a189288984c1945.00 cLDD aCasson, Mark 4aThe oxford handbook of entrepreneurshipcMark Casson aNew YorkbOxfordc2006 axviii, 790 b1945.00 a3638b08-01-2007 a7332b22-02-2007cFdUPPALe65 aDiscount-10bReqst by : Subodh  2ddccBK 00102ddc4070978153aLDDbLDDl0o658.421 Ox2p061484r2018-11-01w2018-11-01yBK c78154d78154